000 00325nam a22001337a 4500
008 190205b xxu||||| |||| 00| 0 eng d
020 _a1555420877
041 _aeng
080 _a338
100 _a53
101 _aMEN
245 _aStrategic Planning for public and nonprofit organizations
_cBryson,J.M
942 _2udc
_cBK
999 _c53946
_d53946